000 01467naa a22003857a 4500
001 BR7901097
003 BR-BrBNA
005 20240918174320.0
007 ta
008 230509b bl.||||| |||| 00| 0 por d
040 _aBR-BrBNA
_bpor
_cBiblioteca Nacional de Agricultura
041 _a(Pt)
072 _aF21
_b1440
_b3920
_bG514
090 _aF21 BR7901097
100 1 _aVasconcelos, J.I.P. de
100 1 _aPaiva, J.B.
100 1 _aAlves, J.F.
100 1 _aOliveira, F.J. de
100 1 _aLandim, C.M.U.
100 1 _aOliveira, V.L.
245 1 _aInfluencia da inoculacao artificial de rizobios e do sulfato de amonio na producao do feijao-de-corda, Vigna sinensis (L.)Savi, nas microrregioes homogeneas do Baixo Jaguaribe e da serra do Baturite, Ceara, Brasil]
260 3 _aFortaleza, CE (Brasil):
_c1978.
500 _aConvenio SUDENE/UFC. Programa de pesquisa com a cultura do feijoeiro. Relatorio de pesquisa 1977 Fortaleza, CE (Brasil): 1978. p. 37-48 (BR7901097-AM)F21
650 _aFEIJAO DE CORDA
650 _aRHIZOBIUM
650 _aINOCULACAO ARTIFICIAL
650 _aPRATICA CULTURAL
650 _aSEMENTE
650 _aFISICA DO SOLO
650 _aQUIMICA DO SOLO
650 _aCEARA
773 0 _tConvenio SUDENE/UFC. Programa de pesquisa com a cultura do feijoeiro. Relatorio de pesquisa 1977
_wF21 BR7901097
_gFortaleza, CE (Brasil), 1978. p. 37-48
909 _a202404
_bLucia
_c55
_dLucia Elande
942 _cAM
_2AGRIS
999 _c310337
_d310337